LIBRARY & INFORMATION CENTRE, KCAET, TAVANUR

ONLINE PUBLIC ACCESS CATALOGUE (OPAC)

Kerala Bhasha Sahitya Charitram / (Record no. 4136)

MARC details
000 -LEADER
fixed length control field 00484cam a2200181ua 4500
041 ## - LANGUAGE CODE
Language code of text/sound track or separate title mal
082 ## - DEWEY DECIMAL CLASSIFICATION NUMBER
Classification number 894.812 09
Item number NAR/KE
100 ## - MAIN ENTRY--AUTHOR NAME
Personal name Narayana Panikker, R .
245 ## - TITLE STATEMENT
Title Kerala Bhasha Sahitya Charitram /
250 ## - EDITION STATEMENT
Edition statement 2 /
260 ## - PUBLICATION, DISTRIBUTION, ETC. (IMPRINT)
Place of publication Thiruvananthapuram :
Name of publisher Vidyavilasini Book Depot ,
Year of publication 1956.
300 ## - PHYSICAL DESCRIPTION
Number of Pages 428 ; .
942 ## - ADDED ENTRY ELEMENTS (KOHA)
Koha item type Books
Holdings
Withdrawn status Lost status Damaged status Home library Current library Date acquired Full call number Accession Number Koha item type
Withdrawn     KAUAET Malayalam University 07/04/2012 894.812 09 9380 Books
free website counter